| 000 | 00608nam a22002055i 4500 | ||
|---|---|---|---|
| 001 | 176488 | ||
| 003 | ES-MaACL | ||
| 005 | 20251127063337.0 | ||
| 008 | 110119s1977 sp |||| | spa d | ||
| 020 | _a84-279-3854-3 | ||
| 080 | _a821.131.1-31"19" | ||
| 100 | 1 |
_aFallaci, Oriana, _d1929-2006 _9242535 |
|
| 245 | 1 | 0 |
_aUn hombre _b: novela / _cOriana Fallaci ; traducción: Vicente Villacampa. |
| 250 | _a2ª ed. | ||
| 260 |
_aBarcelona : _bNoguer, _c1977. |
||
| 300 |
_a461 p. ; _c20 cm. |
||
| 700 | 1 |
_aVillacampa, Vicente. _9114904 |
|
| 852 |
_aES-MaACL _jE-14090 |
||
| 999 |
_c176488 _d176488 |
||